ბათუმის შოთა რუსთაველის სახელმწიფო უნივერსიტეტის ბიბლიოთეკა

Short History of Georgian Industry / (ბიბ.ჩანაწერი № 60005)

000 -LEADER
fixed length control field 00847nam a22001937a 4500
005 - DATE AND TIME OF LATEST TRANSACTION
control field 20230530111821.0
008 - FIXED-LENGTH DATA ELEMENTS--GENERAL INFORMATION
fixed length control field 230530s2018en xxu||||| |||| 00| 0 eng d
020 ## - INTERNATIONAL STANDARD BOOK NUMBER
International Standard Book Number 9788378932307
041 ## - LANGUAGE CODE
Language code of text/sound track or separate title eng
080 ## - UNIVERSAL DECIMAL CLASSIFICATION NUMBER
Universal Decimal Classification number 338.45(479.22)(09) Kh-42
100 ## - MAIN ENTRY--PERSONAL NAME
Personal name Khundadze, Tato, ავტორი.
9 (RLIN) 18296
245 ## - TITLE STATEMENT
Title Short History of Georgian Industry /
Statement of responsibility, etc. Tato Khundadze, Zviad Avaliani ; translated by Teona Henderson ; edited by Natia Menabde ; photos by Konstantine Gabrichidze ; design by Maka Tsomaia
264 ## - PRODUCTION, PUBLICATION, DISTRIBUTION, MANUFACTURE, AND COPYRIGHT NOTICE
Name of producer, publisher, distributor, manufacturer Wojnowice, Poland : KEW,
Date of production, publication, distribution, manufacture, or copyright notice [2018]
300 ## - PHYSICAL DESCRIPTION
Extent 155 p. :
Other physical details phot. ;
Dimensions 20 cm.
505 ## - FORMATTED CONTENTS NOTE
Miscellaneous information ბიბლიოგრაფია: გვ. 151-155
653 ## - INDEX TERM--UNCONTROLLED
keyword მრეწველობა -- საქართველო -- ისტორია.
700 ## - ADDED ENTRY--PERSONAL NAME
Personal name Avaliani, Zviad
Relator term ავტორი
9 (RLIN) 18297
942 ## - ADDED ENTRY ELEMENTS (KOHA)
Source of classification or shelving scheme
Koha item type წიგნი
ეგზემპლარები
Withdrawn status Lost status Source of classification or shelving scheme Damaged status Not for loan Permanent Location Current Location Shelving location Date acquired Cost, normal purchase price Full call number Barcode Date last seen Copy number Price effective from Koha item type Public note Uniform Resource Identifier
          ბათუმის შოთა რუსთაველის სახელმწიფო უნივერსიტეტის მთავარი ბიბლიოთეკა ბათუმის შოთა რუსთაველის სახელმწიფო უნივერსიტეტის მთავარი ბიბლიოთეკა წიგნსაცავი 2023-05-30 24.00 338.45(479.22)(09) Kh-42 29495 2023-05-30 29495 2023-05-30 წიგნი 24ლ.07თ.  
          ბათუმის შოთა რუსთაველის სახელმწიფო უნივერსიტეტის მთავარი ბიბლიოთეკა ბათუმის შოთა რუსთაველის სახელმწიფო უნივერსიტეტის მთავარი ბიბლიოთეკა წიგნსაცავი 2023-05-30 24.00 338.45(479.22)(09) Kh-42 29496 2023-05-30 29496 2023-05-30 წიგნი 24ლ.07თ.  
          ბათუმის შოთა რუსთაველის სახელმწიფო უნივერსიტეტის მთავარი ბიბლიოთეკა ბათუმის შოთა რუსთაველის სახელმწიფო უნივერსიტეტის მთავარი ბიბლიოთეკა წიგნსაცავი 2023-05-30 24.00 338.45(479.22)(09) Kh-42 29497 2023-05-30 29497 2023-05-30 წიგნი 24ლ.07თ.  
          ბათუმის შოთა რუსთაველის სახელმწიფო უნივერსიტეტის მთავარი ბიბლიოთეკა ბათუმის შოთა რუსთაველის სახელმწიფო უნივერსიტეტის მთავარი ბიბლიოთეკა წიგნსაცავი 2025-12-05 20.00 338.45(479.22)(09) Kh-42 73233 2025-12-05 73233 2025-12-05 წიგნი 20.00 საქართველოს ეროვნული ბიბლიოთეკა (ნაჩუქარი)